Statistics for Movies that Start with F

Click here to take the quiz!

General Stats

  • This quiz has been taken 37,450 times
    (9,191 since last reset)
  • The average score is 12 of 19

Answer Stats

Description Movie % Correct
Clownfish goes on an epic journey to locate his only sonFinding Nemo
95%
Boy helps an orca escape to freedomFree Willy
94%
Princess with freezing powers accidentally freezes her sisterFrozen
94%
Insomniac office worker co-founds a group where men can beat each other senselessFight Club
87%
Mentally-challenged Southerner finds himself a part of many
historical events of the 20th century
Forrest Gump
82%
Mother and daughter swap bodiesFreaky Friday
77%
Teenage truant fakes illness to enjoy a day on the town with his friends in ChicagoFerris Bueller's Day Off
76%
FBI agent and dangerous criminal swap facesFace/Off
70%
Naive young girl starts a submissive relationship with a sexy Seattle billionaireFifty Shades of Grey
68%
Man and insect are merged into a single creature after a teleportation
experiment goes awry
Fly, the
66%
Man builds a baseball field in the corn so that Shoeless Joe Jackson will comeField of Dreams
64%
Undercover cop infiltrates a gang of street racers who are stealing electronicsFast and the Furious, the
64%
Doctor has been framed for murder and must find the one-armed man who killed his wifeFugitive, the
51%
Minnesota car dealer hires thugs to kidnap his own wifeFargo
50%
Military lawyers bring down a truth-handling Colonel who thinks he's above the lawFew Good Men, a
49%
Gonzo journalist and his lawyer do lots of crazy drugs in Las VegasFear and Loathing in
Las Vegas
47%
Artistically-gifted teens want to live forever by attending a special
New York City high school for the performing arts
Fame
40%
Man who is not a rich man must use a matchmaker to make matches for his daughtersFiddler on the Roof
32%
Vietnam War veteran uses a machine gun to destroy parts of a Northwestern townFirst Blood
29%

Score Distribution

Percentile by Number Answered

Percent of People with Each Score

Your Score History

You have not taken this quiz since the last reset